| 000 | 00493nam a2200169Ia 4500 | ||
|---|---|---|---|
| 999 |
_c35356 _d35356 |
||
| 003 | OSt | ||
| 005 | 20201218124325.0 | ||
| 008 | 190216s9999||||xx |||||||||||||| ||und|| | ||
| 040 | _coclc | ||
| 082 |
_a503 _bCOL/D |
||
| 100 |
_aCollocott, T C _97682 |
||
| 245 | 0 |
_aDictionary Of Science And Technology / _cT C Collocott |
|
| 260 |
_bW&R Chambers Ltd, _c1974. _aBritain: |
||
| 300 | _a1325p | ||
| 650 | _aDictionary Of Hindi | ||
| 942 |
_cREF _2ddc _h503 _iCOL/D _k503 _mCOL/D |
||